000 00384nam a2200157Ia 4500
008 210716s2008 xx 000 0 und d
020 _a978812651693
041 _aeng
082 _a005.1372 SADG
100 _aSadasivam, G Sudha.
245 _aComponent based technology.
250 _a1
260 _aNew Delhi
_bWiley India Pvt Ltd
_c2008
300 _axx,452
650 _aNone
999 _c189385
_d189385